Normal view
MARC view
Entry Meeting Name
001 - CONTROL NUMBER
- control field: 28225
003 - CONTROL NUMBER IDENTIFIER
- control field: OSt
005 - DATE AND TIME OF LATEST TRANSACTION
- control field: 20211105135138.0
008 - FIXED-LENGTH DATA ELEMENTS
- fixed length control field: 211105|| aca||aabn | a|a d
040 ## - CATALOGING SOURCE
- Original cataloging agency: OSt
- Transcribing agency: OSt
111 ## - HEADING--MEETING NAME
- Meeting name or jurisdiction name as entry element: Workshop on Astronomical Site Evaluation in the Visible and Radio Range
- Location of meeting: Moracco
- Date of meeting or treaty signing: 2000 Nov. 13-17
670 ## - SOURCE DATA FOUND
- Source citation: Work cat.: (OSt): Workshop on Astronomical Site Evaluation in the Visible and Radio Range Moracco 2000 Nov. 13-17, Astronomical site evaluation in the visible and radio range, 2002